Statistics for Countries with embassies and consulates in Trinidad and Tobago

Click here to take the quiz!

General Stats

  • This quiz has been taken 42 times
  • The average score is 27 of 31

Answer Stats

Continent Country % Correct
South AmericaVenezuela
100%
EuropeFrance
97%
South AmericaBrazil
97%
South AmericaColombia
97%
North AmericaCanada
95%
South AmericaChile
95%
North AmericaUnited States of America
95%
EuropeUnited Kingdom
95%
SpainSpain
95%
South AmericaPeru
95%
North AmericaPanama
92%
South AmericaArgentina
92%
AsiaChina
92%
North AmericaDominican Republic
90%
OceaniaAustralia
90%
North AmericaMexico
90%
North AmericaCuba
90%
EuropeGermany
87%
North AmericaJamaica
87%
AsiaJapan
87%
North AmericaCosta Rica
87%
South AmericaSuriname
85%
AsiaIndia
85%
North AmericaGuatemala
85%
South AmericaGuyana
79%
North AmericaEl Salvador
79%
AfricaSouth Africa
77%
AsiaSouth Korea
74%
Europethe Netherlands
72%
AfricaNigeria
56%
EuropeVatican City
51%

Score Distribution

Percentile by Number Answered

Percent of People with Each Score

Your Score History

You have not taken this quiz